000 00429nam a2200157Ia 4500
008 230917s9999||||xx |||||||||||||| ||und||
020 _cRSP20
040 _e13914
_aMAIN
041 _aEnglish
082 _a330.947 I921S
100 _aDinmore, Timothy
245 0 _aStalinist command economy: the soviet state opparatus and economic policy:1945-53
260 _aLondon
_bMacmillan
_c1980
300 _ax,176 p.
942 _cBK
999 _c223548
_d223548